MARC

LEADER 00000nam0a2200000 4500
001 15188
005 20231030190115.0
010 |a 5238016234 
035 |a (RuTPU)RU\TPU\book\15294 
035 |a BOOK00015363 
090 |a 15188 
100 |a 20011209d1996 km y0rusy50 ca 
101 0 |a rus 
102 |a RU 
105 |a a z 000zy 
200 1 |a Динамические системы и сигналы. Общие вопросы  |f А. С. Шаталов 
210 |a Москва  |c Энергоатомиздат  |d 1996 
215 |a 320 с.  |c ил. 
610 1 |a динамические системы 
610 1 |a сигналы 
610 1 |a автоматическое управление 
610 1 |a теория 
610 1 |a метод пространств 
610 1 |a модели 
610 1 |a свойства 
610 1 |a оптимизация 
610 1 |a нелинейность 
610 1 |a устойчивость 
610 1 |a управляемость 
610 1 |a наблюдаемость 
610 1 |a избирательность 
610 1 |a робастность 
610 1 |a чувствительность 
675 |a 681.51.033  |v 3 
700 1 |a Шаталов  |b А. С.  |g Александр Степанович 
801 0 |a RU  |b 63413507  |c 20011209  |g PSBO 
801 2 |a RU  |b 63413507  |c 20140430  |g PSBO 
942 |c BK